Drake's 50 Most Streamed Songs - Statistics

General Stats
  • This quiz has been taken 202 times
  • The average score is 20 of 50
Answer Stats
# Song EAS Album Features % Correct
1 One Dance 6,350,000 Views Kyla, Wizkid
94%
3 God's Plan 4,506,000 Scorpion -
89%
11 Take Care 2,352,000 Take Care Rihanna
79%
2 SICKO MODE 4,516,000 Other Travis Scott
77%
8 Passion Fruit 2,729,000 More Life -
76%
16 Headlines 2,124,000 Take Care -
67%
5 Hotline Bling 3,488,000 Views -
65%
4 Work 3,903,000 Other Rihanna
62%
6 Forever 2,910,000 Other Eminem, Kanye West, Lil Wayne
59%
7 Hold On, We're Going Home 2,831,000 Nothing Was the Same Majid Jordan
58%
9 In My Feelings 2,569,000 Scorpion -
57%
32 Fair Trade 1,356,000 Certified Lover Boy Travis Scott
50%
14 Nice For What 2,179,000 Scorpion -
49%
26 Over 1,472,000 Thank Me Later -
48%
33 Knife Talk 1,320,000 Certified Lover Boy 21 Savage, Project Pat
47%
25 Jimmy Cooks 1,628,000 Honestly, Nevermind 21 Savage
45%
12 Mía 2,293,000 Other Bad Bunny
45%
28 Rich Flex 1,412,000 Her Loss 21 Savage
45%
15 Too Good 2,166,000 Views Rihanna
43%
22 Marvins Room 1,748,000 Take Care -
42%
18 Toosie Slide 2,052,000 Dark Lane Demo Tapes -
42%
42 Crew Love 1,043,000 Take Care Weeknd
41%
17 The Motto 2,071,000 Take Care Lil Wayne
41%
20 Nonstop 1,815,000 Scorpion -
40%
34 Chicago Freestyle 1,307,000 Dark Lane Demo Tapes Giveon
39%
35 Laugh Now Cry Later 1,291,000 Single Lil Durk
39%
47 Wants and Needs 943,000 Scary Hours 2 Lil Baby
38%
44 Portland 1,008,000 More Life Travis Scott, Quavo
37%
23 Jumpman 1,744,000 What a Time to Be Alive Future
36%
27 Poetic Justice 1,452,000 Other Kendrick Lamar
33%
10 Best I Ever Had 2,472,000 Thank Me Later -
32%
46 HYFR (Hell Ya Fucking Right) 1,004,000 Take Care Lil Wayne
32%
41 Way 2 Sexy 1,067,000 Certified Lover Boy Future, Young Thug
32%
40 From Time 1,086,000 Nothing Was the Same Jhené Aiko
31%
21 Started from the Bottom 1,759,000 Nothing Was the Same -
31%
37 Energy 1,242,000 If You're Reading This It's Too Late -
30%
31 Yes Indeed 1,360,000 Other Lil Baby
29%
39 Teenage Fever 1,135,000 More Life -
28%
24 Controlla 1,640,000 Views -
27%
36 Money in the Grave 1,266,000 The Best in the World Pack Rick Ross
27%
45 All Me 1,007,000 Nothing Was the Same 2 Chainz, Big Sean
22%
49 Know Yourself 911,000 If You're Reading This It's Too Late -
22%
43 Make Me Proud 1,010,000 Take Care Nicki Minaj
21%
29 Only 1,400,000 Other Nicki Minaj, Chris Brown, Lil Wayne
21%
19 Fake Love 1,848,000 More Life -
18%
38 Find Your Love 1,176,000 Thank Me Later -
16%
48 Up All Night 916,000 Thank Me Later Nicki Minaj
16%
13 BedRock 2,255,000 Other Gudda Gudda, Jae Millz, Lil Wayne, Nicki Minaj, Tyga, Lloyd
8%
30 Moment 4 Life 1,379,000 Other Nicki Minaj
7%
50 0 To 100 / The Catch Up 894,000 Single -
5%
No matching quizzes found
Score Distribution
Percent of People with Each Score
Percentile by Number Answered
Your Score History
You have not taken this quiz